000 00619nam a2200217Ia 4500
003 OSt
005 20220926045258.0
006 a|||||r|||| 00| 0
007 ta
008 220923b |||||||| |||| 00| 0 eng d
037 _cGeneral Book
040 _aRTL
_cRTL
_beng
041 _2eng
_aeng
082 _aXM.216r, L2/GD
110 _aAndhra Pradesh, Cooperative Societies
_9350014
245 0 _aReport on the working of the cooperative societies
260 _c1972
700 _aAndhra Pradesh, Cooperative Societies
_9350015
942 _hXM.216r, L2/GD
_cGB
_2CC
999 _c677155
_d677155